Allgemeinwissen-Quiz #46 - Statistiken

Allgemein
  • Dieses Quiz wurde 102 mal gespielt
  • Das Durchschnittsergebnis liegt bei 13 aus 20
Antwortstatistiken
Frage Antwort % Korrekt
Wofür steht das "www" in einer Internetadresse? World Wide Web
99%
Ich bin das berühmteste Gemälde der Welt, aber mein Lächeln bleibt ein Rätsel. Wer bin ich? Mona Lisa
97%
Ich bin kein Planet mehr, wurde aber einst als neunter gezählt. Wer bin ich? Pluto
97%
Bei welcher Begebenheit trifft man häufig auf einen Katamaran? Beim Segelausflug
92%
Welche dieser Zahlen ist eine Primzahl? 17
90%
Welche Sprache wird in Brasilien offiziell gesprochen? Portugiesisch
90%
Welcher dieser Herren spielt in der Serie Game of Thrones mit?
82%
Auf welchem Bild ist ein Kojote abgebildet?
80%
Wie viele Bundesstaaten hat die USA? 50
78%
Ted Mosby erzählt in der Serie "HIMYM" die Geschichte, wie er …? die Mutter seiner Kinder traf
77%
Wobei handelt es sich bei Backgammon? Um ein Brettspiel
77%
Man nennt mich das Gedächtnis der Erde, denn ich speichere Klima- und Umweltdaten über Jahrtausende. Was bin ich? Gletschereis
70%
Wie lautet der astronomische Name für den Nordstern? Polaris
59%
Welcher berühmte Physiker sagte: "Gott würfelt nicht"? Albert Einstein
53%
Aus welcher Sportart ist Freddie Freeman bekannt? Baseball
41%
Welches Wappen zeigt Burundi?
39%
In welchem Werk beginnt die Reise mit den Worten "Nel mezzo del cammin di nostra vita"? Göttliche Komödie
39%
Wie lautet der Name des mathematischen Konzepts, bei dem eine Funktion sich selbst aufruft? Rekursion
36%
Welcher dieser Highway-Schilder zeigt den US-Bundesstaat Nebraska?
20%
In welchem Film kommt der Soundtrack "Clubbed to Death" vor? The Matrix
18%
Keine übereinstimmenden Quizze gefunden
Verteilung der Resultate
Anzahl Personen mit jedem Resultat
Perzentil nach korrekt beantworteten Fragen
Ihre Resultats-Entwicklung
Sie haben dieses Quiz noch nicht gespielt